| 000 | 00581nam a2200229Ia 4500 | ||
|---|---|---|---|
| 008 | 160319s9999 xx 000 0 und d | ||
| 020 | _a9716300387 | ||
| 050 | _aFil 920 | ||
| 050 | _bO15t 1995 | ||
| 100 | _aOcampo, Ambeth R. | ||
| 245 | _aTeodora Alonso / | ||
| 245 | _cAmbeth R. Ocampo. | ||
| 260 | _aManila : | ||
| 260 | _bTahanan Books for Young Readers | ||
| 260 | _c1995 | ||
| 300 | _a31 pages : | ||
| 300 | _billustrations : | ||
| 300 | _c26 cm. | ||
| 440 | _aGreat lives. | ||
| 650 | _aAlonso, Teodora R., -- 1826-1911 | ||
| 650 | _xJuvenile literature. | ||
| 999 |
_c292334 _d292334 |
||